000 00671nam a2200241Ia 4500
003 OSt
005 20221005113930.0
006 a|||||r|||| 00| 0
007 ta
008 221004b |||||||| |||| 00| 0 ara d
020 _c80
024 _a39354
037 _b238, 12/03/2009, Nadwi Publications
_cTextual
040 _aCRL
_cCRL
_bara
041 _2ara
_aara
082 _aO28,2N10,21, M8
100 _aBakseer Ali Ahmad Au.
245 0 _aAl-firaunul mauaood
260 _c1988
650 _aARABIC DRAMA
942 _hO28,2N10,21, M8
_cTEXL
_2cc
999 _c1029779
_d1029779